Republic of Mozambique : Financial Sector Assessment program-Financial System Stability Assessment.

This paper discusses key findings of the Financial System Stability Assessment (FSSA) for the Republic of Mozambique. As a result of a comprehensive financial sector reform program largely based on the 2003 Financial Sector Assessment Program recommendations, Mozambique has made significant progress...

Ամբողջական նկարագրություն

Մատենագիտական մանրամասներ
Համատեղ հեղինակ: International Monetary Fund
Ձևաչափ: Ամսագիր
Լեզու:English
Հրապարակվել է: Washington, D.C. : International Monetary Fund, 2010.
Շարք:IMF Staff Country Reports; Country Report ; No. 2010/012
Առցանց հասանելիություն:Full text available on IMF
LEADER 01659cas a2200241 a 4500
001 AALejournalIMF006232
008 230101c9999 xx r poo 0 0eng d
020 |c 5.00 USD 
020 |z 9781451827408 
022 |a 1934-7685 
040 |a BD-DhAAL  |c BD-DhAAL 
110 2 |a International Monetary Fund. 
245 1 0 |a Republic of Mozambique :   |b Financial Sector Assessment program-Financial System Stability Assessment. 
264 1 |a Washington, D.C. :  |b International Monetary Fund,  |c 2010. 
300 |a 1 online resource (46 pages) 
490 1 |a IMF Staff Country Reports 
500 |a <strong>Off-Campus Access:</strong> No User ID or Password Required 
500 |a <strong>On-Campus Access:</strong> No User ID or Password Required 
506 |a Electronic access restricted to authorized BRAC University faculty, staff and students 
520 3 |a This paper discusses key findings of the Financial System Stability Assessment (FSSA) for the Republic of Mozambique. As a result of a comprehensive financial sector reform program largely based on the 2003 Financial Sector Assessment Program recommendations, Mozambique has made significant progress toward developing and strengthening the banking sector, enhancing supervision, and improving central bank operations. However, despite several government initiatives and legal and regulatory reforms, progress in financial deepening and access has been less satisfactory. 
538 |a Mode of access: Internet 
830 0 |a IMF Staff Country Reports; Country Report ;  |v No. 2010/012 
856 4 0 |z Full text available on IMF  |u http://elibrary.imf.org/view/journals/002/2010/012/002.2010.issue-012-en.xml  |z IMF e-Library